000 00436nam a2200181Ia 4500
001 2139
005 20260306143820.0
008 260306t2012||||xx |||||||||||||| ||spa||
041 _aESP
082 _a615
_bG63
100 _aGómez-Jarabo, Gregorio Á.
_eAUT
245 0 _aBases farmacológicas de la conducta
260 _c2012
300 _a573 páginas :
_c23 cm.
650 _aGEN
654 _aCPS
942 _cLIB
_dJUS
_fJUS
_2ddc
_n
999 _c2139
_d2139